Družstvo fanoušků - nový typ družstva v prostředí České republiky

Družstvo priaznivcov tzv. Supporter’s trust je nový typ organizácie, ktorý sa objavil v Českej republike. Profesionálne športové kluby v čase krízy. Možnosť ako zabrániť bankrotu športových klubov. Družstvá priaznivcov športu v iných krajinách. Pohľad organizácie UEFA.

Gespeichert in:
Bibliographische Detailangaben
1. Verfasser: Kotáb, Jiří
Format: Buchkapitel
Sprache:Tschechisch
Schlagworte:
Tags: Tag hinzufügen
Keine Tags, Fügen Sie das erste Tag hinzu!

MARC

LEADER 00000nla$a2200000$$$4500
001 0117519
005 20231121095027.8
041 0 |a cze 
044 |a CZ 
245 1 0 |a Družstvo fanoušků - nový typ družstva v prostředí České republiky  |c Jiří Kotáb 
520 |a Družstvo priaznivcov tzv. Supporter’s trust je nový typ organizácie, ktorý sa objavil v Českej republike. Profesionálne športové kluby v čase krízy. Možnosť ako zabrániť bankrotu športových klubov. Družstvá priaznivcov športu v iných krajinách. Pohľad organizácie UEFA. 
610 2 0 |a Česko 
610 2 0 |a kríza finančná 
610 2 0 |a marketing manažment 
610 2 0 |a šport 
610 2 0 |a telovýchova 
610 2 0 |a hry 
610 2 0 |a súťaže 
610 2 0 |a organizácie neziskové 
610 2 0 |a združenia 
100 1 |a Kotáb, Jiří